Alternatives to privatization : (Record no. 14983)

000 -LEADER
fixed length control field 02912cam a2200361 a 4500
001 - CONTROL NUMBER
control field 16838528
005 - DATE AND TIME OF LATEST TRANSACTION
control field 20170105102908.0
008 - FIXED-LENGTH DATA ELEMENTS--GENERAL INFORMATION
fixed length control field 110622s2012 nyub b 001 0 eng
010 ## - LIBRARY OF CONGRESS CONTROL NUMBER
LC control number 2011025816
020 ## - INTERNATIONAL STANDARD BOOK NUMBER
International Standard Book Number 9780415886680 (hardback : acidfree paper)
020 ## - INTERNATIONAL STANDARD BOOK NUMBER
International Standard Book Number 9780203147061 (ebk)
040 ## - CATALOGING SOURCE
Original cataloging agency DLC
Transcribing agency DLC
Modifying agency DLC
042 ## - AUTHENTICATION CODE
Authentication code pcc
050 00 - LIBRARY OF CONGRESS CALL NUMBER
Classification number HD3850
Item number .A486 2012
082 00 - DEWEY DECIMAL CLASSIFICATION NUMBER
Classification number 363.609172/4
Edition number 23
084 ## - OTHER CLASSIFICATION NUMBER
Classification number POL029000
-- SOC026000
-- BUS079000
Number source bisacsh
245 00 - TITLE STATEMENT
Title Alternatives to privatization :
Remainder of title public options for essential services in the Global South /
Statement of responsibility, etc. edited by David A. McDonald and Greg Ruiters.
260 ## - PUBLICATION, DISTRIBUTION, ETC.
Place of publication, distribution, etc. New York :
Name of publisher, distributor, etc. Routledge,
Date of publication, distribution, etc. 2012.
300 ## - PHYSICAL DESCRIPTION
Extent xii, 519 p. :
Other physical details maps ;
Dimensions 24 cm.
490 0# - SERIES STATEMENT
Series statement Routledge studies in development and society ;
Volume/sequential designation 29
504 ## - BIBLIOGRAPHY, ETC. NOTE
Bibliography, etc. note Includes bibliographical references and index.
520 ## - SUMMARY, ETC.
Summary, etc. "There is a vast literature for and against privatizing public services. Those who are against privatization are often confronted with the objection that they present no alternative. This book takes up that challenge by establishing theoretical models for what does (and does not) constitute an alternative to privatization, and what might make them "successful" backed up by a comprehensive set of empirical data on public services initiatives in over 40 countries. This is the first such global survey of its kind, providing a rigorous and robust platform for evaluating different alternatives and allowing for comparisons across regions and sectors. The book helps to conceptualize and evaluate what has become an important and widespread movement for better public services in the global South. The contributors explore historical, existing and proposed non-commercialized alternatives for primary health, water/sanitation and electricity. The objectives of the research have been to develop conceptual and methodological frameworks for identifying and analyzing alternatives to privatization, and testing these models against actually existing alternatives on the ground in Asia, Africa and Latin America. Information of this type is urgently required for practitioners and analysts, both of whom are seeking reliable knowledge on what kind of public models work, how transferable they are from one place to another and what their main strengths and weaknesses are"--
650 #0 - SUBJECT ADDED ENTRY--TOPICAL TERM
Topical term or geographic name entry element Privatization
Geographic subdivision Developing countries.
650 #0 - SUBJECT ADDED ENTRY--TOPICAL TERM
Topical term or geographic name entry element Public utilities
Geographic subdivision Developing countries.
650 #7 - SUBJECT ADDED ENTRY--TOPICAL TERM
Topical term or geographic name entry element POLITICAL SCIENCE / Public Policy / Social Policy.
Source of heading or term bisacsh
650 #7 - SUBJECT ADDED ENTRY--TOPICAL TERM
Topical term or geographic name entry element SOCIAL SCIENCE / Sociology / General.
Source of heading or term bisacsh
650 #7 - SUBJECT ADDED ENTRY--TOPICAL TERM
Topical term or geographic name entry element BUSINESS & ECONOMICS / Government & Business.
Source of heading or term bisacsh
700 1# - ADDED ENTRY--PERSONAL NAME
Personal name McDonald, David A.
Fuller form of name (David Alexander)
700 1# - ADDED ENTRY--PERSONAL NAME
Personal name Ruiters, Greg,
Dates associated with a name 1959-
906 ## - LOCAL DATA ELEMENT F, LDF (RLIN)
a 7
b cbc
c orignew
d 1
e ecip
f 20
g y-gencatlg
942 ## - ADDED ENTRY ELEMENTS (KOHA)
Source of classification or shelving scheme
Koha item type Book
Holdings
Withdrawn status Lost status Damaged status Not for loan Collection code Permanent Location Current Location Shelving location Date acquired Total Checkouts Full call number Barcode Date last seen Price effective from Koha item type
          Centre for International Peace & Stability (CIPS) Centre for International Peace & Stability (CIPS) General Stacks 10/01/2013   363.6091724 ALT 2012 CIPS0001150 10/25/2013 10/25/2013 Book
© 2023 Central Library, National University of Sciences and Technology. All Rights Reserved.